logo

Bir Sreshtho Munshi Abdur Rouf Library
Jhenaidah Cadet College

The Fourier transform and its applications / (Record no. 14260)

MARC details
000 -LEADER
fixed length control field 01253cam a2200337 a 4500
001 - CONTROL NUMBER
JCCL Control Number 14260
003 - CONTROL NUMBER IDENTIFIER
JCCL marc code BD-JhCC
005 - DATE AND TIME OF LATEST TRANSACTION
control field 20250225115950.0
008 - FIXED-LENGTH DATA ELEMENTS--GENERAL INFORMATION
fixed length control field 990211s2000 maua b 001 0 eng
020 ## - INTERNATIONAL STANDARD BOOK NUMBER
International Standard Book Number 0073039381 (acidfree paper)
035 ## - SYSTEM CONTROL NUMBER
system control number (DLC) 14260
040 ## - CATALOGING SOURCE
Original cataloging agency DLC
Transcribing agency DLC
Modifying agency DLC
041 ## - LANGUAGE CODE
Language code of Book english
050 00 - LIBRARY OF CONGRESS CALL NUMBER
Classification number QA403.5
Item number .B7 2000
082 00 - DEWEY DECIMAL CLASSIFICATION NUMBER
Classification number 515.723
DDC Edition number 21
Author mark and Year BRA 2000
100 1# - MAIN ENTRY--PERSONAL NAME
Personal name Bracewell, Ronald N.
Fuller form of name (Ronald Newbold),
Dates associated with a name 1921-2007.
245 14 - TITLE STATEMENT
Title The Fourier transform and its applications /
Statement of responsibility, etc Ronald N. Bracewell.
250 ## - EDITION STATEMENT
Edition statement 3rd ed.
260 ## - PUBLICATION, DISTRIBUTION, ETC. (IMPRINT)
Place of publication, distribution, etc Boston :
Name of publisher, distributor, etc McGraw Hill,
Date of publication, distribution, etc 2000.
300 ## - PHYSICAL DESCRIPTION
Pagination xx, 616 p. :
Other physical details ill. ;
Dimensions 25 cm.
440 #0 -
Title McGraw-Hill series in electrical and computer engineering.
Name of part/section of a work Circuits and systems
504 ## - BIBLIOGRAPHY, ETC. NOTE
Bibliography, etc Includes bibliographical references and index.
650 #0 - SUBJECT ADDED ENTRY--TOPICAL TERM
Topical term or geographic name as entry element Fourier transformations.
650 #0 - SUBJECT ADDED ENTRY--TOPICAL TERM
Topical term or geographic name as entry element Transformations (Mathematics)
650 #0 - SUBJECT ADDED ENTRY--TOPICAL TERM
Topical term or geographic name as entry element Harmonic analysis.
856 42 - ELECTRONIC LOCATION AND ACCESS
Materials specified Contributor biographical information
Uniform Resource Identifier http://www.loc.gov/catdir/bios/mh042/99021139.html
856 42 - ELECTRONIC LOCATION AND ACCESS
Materials specified Publisher description
Uniform Resource Identifier http://www.loc.gov/catdir/description/mh023/99021139.html
856 41 - ELECTRONIC LOCATION AND ACCESS
Materials specified Table of contents
Uniform Resource Identifier http://www.loc.gov/catdir/toc/mh023/99021139.html
942 ## - ADDED ENTRY ELEMENTS (KOHA)
Source of classification or shelving scheme Dewey Decimal Classification
Koha item type Books
Holdings
Source of classification or shelving scheme Damaged status Not for loan Home library Current library Shelving location Date of accession Source of acquisition Total Checkouts Full call number Barcode Date last seen Copy number Method of acquisition Koha item type Currency
Dewey Decimal Classification     JCC Rouf Library JCC Rouf Library General Stacks   With the compliments of Shahriar Imtiaz Rahman,27/1483/K   515.723 BRA 2000 19892 02/25/2025 C-1 Gift/Donation Books BDT

JCC Library | Contacts | JCC Home

Last Update on 23 September 2017
Copyright @ 2017-2020 JCC Rouf Library
Rouf Library, Jhenidah Cadet College (JCC), Bangladesh